Character matters : how to help our children develop good judgment, integrity, and other essential virtues (Record no. 10767)
[ view plain ]
| 000 -LEADER | |
|---|---|
| fixed length control field | 00480 a2200157 4500 |
| 020 ## - INTERNATIONAL STANDARD BOOK NUMBER | |
| International Standard Book Number | 0743245075 |
| 040 ## - CATALOGING SOURCE | |
| Original cataloging agency | DLC |
| Language of cataloging | DLC |
| 082 ## - DEWEY DECIMAL CLASSIFICATION NUMBER | |
| Classification number | 370.114 |
| 100 ## - MAIN ENTRY--PERSONAL NAME | |
| Personal name | Thomas Lickona |
| 245 ## - TITLE STATEMENT | |
| Title | Character matters : how to help our children develop good judgment, integrity, and other essential virtues |
| Statement of responsibility, etc. | Thomas Lickona |
| 260 ## - PUBLICATION, DISTRIBUTION, ETC. | |
| Place of publication, distribution, etc. | New York |
| Name of publisher, distributor, etc. | Touchston |
| Date of publication, distribution, etc. | 2004 |
| 300 ## - PHYSICAL DESCRIPTION | |
| Extent | 310 p. |
| 650 ## - SUBJECT ADDED ENTRY--TOPICAL TERM | |
| Topical term or geographic name entry element | Education--Parent participation |
| 700 ## - ADDED ENTRY--PERSONAL NAME | |
| Personal name | Thomas Lickona |
| 942 ## - ADDED ENTRY ELEMENTS (KOHA) | |
| Koha item type | Book |
| Call number prefix | 370.114 LIC |
| Source of classification or shelving scheme | |
| Withdrawn status | Lost status | Damaged status | Not for loan | Collection code | Permanent Location | Current Location | Shelving location | Date acquired | Source of acquisition | Cost, normal purchase price | Total Checkouts | Full call number | Barcode | Date last seen | Date last checked out | Price effective from | Koha item type | Checked out |
|---|---|---|---|---|---|---|---|---|---|---|---|---|---|---|---|---|---|---|
| Central Library (CL) | Central Library (CL) | General Stacks | 03/22/2012 | Saeed Book Bank | 775.00 | 2 | 370.114 LIC | SEECS010924 | 10/19/2020 | 12/26/2019 | 01/05/2017 | Book | ||||||
| Central Library (CL) | Central Library (CL) | General Stacks | 03/22/2012 | Saeed Book Bank | 775.00 | 2 | 370.114 LIC | SEECS010925 | 01/24/2019 | 01/24/2019 | 01/05/2017 | Book | 05/24/2019 |
